000 00622nam a2200205 4500
001 140104
003 ES-MaACL
005 20230906200015.0
007 t|
008 070214s1971 sp r ||||1| spa d
100 1 _aSedillot, Rene.
_9187167
245 1 0 _aEuropa, esa utopía /
_cRené Sedillot ; [lo tradujo... Concepción Hernando Martín].
260 _aMadrid :
_bGuadarrama,
_c1971.
300 _a337 p. ;
_c18 cm.
490 1 _aPunto Omega ;
_v106
700 1 _aHernando Martín, Concepción.
_963111
830 0 _aPunto Omega ;
_v106
_9180707
852 _aES-MaACL
_jC-45455
_bR.77480
999 _c140104
_d140104